Kamyabi ke sonehre usool = کامیابی کے سنہرے اصول/ (Record no. 111596)
[ view plain ]
| 000 -LEADER | |
|---|---|
| fixed length control field | 00508nam a22001457a 4500 |
| 005 - DATE AND TIME OF LATEST TRANSACTION | |
| control field | 20190322112039.0 |
| 008 - FIXED-LENGTH DATA ELEMENTS--GENERAL INFORMATION | |
| fixed length control field | 190322b ||||| |||| 00| 0 eng d |
| 040 ## - CATALOGING SOURCE | |
| Transcribing agency | PK-LaUMT |
| 082 ## - DEWEY DECIMAL CLASSIFICATION NUMBER | |
| Classification number | 158.1 |
| Item number | CAN-K |
| 100 ## - MAIN ENTRY--PERSONAL NAME | |
| Personal name | Canfield, Jack |
| 245 ## - TITLE STATEMENT | |
| Title | Kamyabi ke sonehre usool = کامیابی کے سنہرے اصول/ |
| Statement of responsibility, etc | Jack Canfield; translated by Riaz Mahmood Anjum جیک کین فیلڈ؛ مترجم ریاض محمود انجم |
| 260 ## - PUBLICATION, DISTRIBUTION, ETC. (IMPRINT) | |
| Place of publication, distribution, etc | Lahore : |
| Name of publisher, distributor, etc | Book Home, |
| Date of publication, distribution, etc | 2018 |
| 300 ## - PHYSICAL DESCRIPTION | |
| Extent | 280 p. |
| 942 ## - ADDED ENTRY ELEMENTS (KOHA) | |
| Koha item type | Books |
| Withdrawn status | Lost status | Damaged status | Home library | Current library | Date acquired | Full call number | Barcode | Date last seen | Price effective from | Koha item type |
|---|---|---|---|---|---|---|---|---|---|---|
| UMT Main Campus | UMT Main Campus | 2019-03-22 | 158.1 CAN-K | 124700 | 2022-09-23 | 2019-03-22 | Books |
